ÇANAKKALE YİĞİDİ SEYİT ONBAŞI (Record no. 1059635)

MARC details
000 -LEADER
sabit uzunluktaki kontrol alanı 00277nam a2200097Ia 4500
001 - KONTROL NUMARASI
kontrol alanı 1059635
005 - EN SON İŞLEMİN TARİH VE ZAMANI
kontrol alanı 20250827001502.0
008 - SABİT-UZUNLUKTA VERİ ÖĞELERİ--GENEL BİLGİ
sabit uzunluktaki kontrol alanı 250824s9999 xx 000 0 und d
245 #0 - ESER / YAZAR
ESER ADI ÇANAKKALE YİĞİDİ SEYİT ONBAŞI
Yazar Adı İBRAHİM ÜNSAL
260 ## - YAYIN, DAĞITIM, VB.
YAYIN EVİ GENÇ HAYAT ÇOCUK YAYINLARI
Holdings
Düşüm durumu Kayıp durumu Hasar Durumu Ödünç verilmez Ana kütüphane Geçerli Kütüphane Edinilen tarih Toplam ödünç verme sayısı Barkod Son görüntüleme tarihi Fiyatın geçerli olmaya başladığı tarih Koha materyal türü
        ŞEHİT ABDULLAH TAYYİP OLÇOK İMAM HATİP ORTAOKULU ŞEHİT ABDULLAH TAYYİP OLÇOK İMAM HATİP ORTAOKULU 24.08.2025   10091298 27.08.2025 27.08.2025 Books